[Event "Andalucia-chT Honor Occidental"]
[Site "Andalucia"]
[Date "2018.09.30"]
[Round "1.18"]
[White "Delgado Serrano, Angel"]
[Black "Palma Macias, Jose Alberto"]
[Result "1/2-1/2"]
[WhiteElo "2112"]
[BlackElo "2182"]
[PlyCount "75"]
[EventDate "2018.09.30"]
[EventType "team-tourn"]
[EventRounds "7"]
[EventCountry "ESP"]
[SourceTitle "EXT 2020"]
[Source "ChessBase"]
[SourceDate "2019.10.17"]
[SourceVersion "1"]
[SourceVersionDate "2019.10.17"]
[SourceQuality "1"]
[WhiteTeam "Gomez Feria CAS"]
[BlackTeam "Shahmat"]
[WhiteTeamCountry "ESP"]
[BlackTeamCountry "ESP"]

1. Nf3 Nf6 2. g3 g6 3. Bg2 Bg7 4. 0-0 0-0 5. d3 c5 6. e4 Nc6 7. Nbd2 d6 8. a4 a6 9. Nc4 Rb8 10. a5 Be6 11. Nfd2 d5 12. exd5 Bxd5 13. Nb3 Bxg2 14. Kxg2 Qd5+ 15. Qf3 Qxf3+ 16. Kxf3 Nb4 17. Na3 Rbc8 18. Bd2 Nd7 19. Rab1 Nc6 20. Rfe1 Rfe8 21. Be3 Nce5+ 22. Ke2 c4 23. Nxc4 Nxc4 24. dxc4 Rxc4 25. c3 Rec8 26. Red1 Ne5 27. Bd4 R4c6 28. Nd2 Nc4 29. Bxg7 Kxg7 30. Nxc4 Rxc4 31. Rd7 R8c7 32. Rxc7 Rxc7 33. Kd3 Kf6 34. c4 Ke6 35. b4 Kd6 36. Kc3 Kc6 37. Rd1 Rd7 38. Rxd7 1/2-1/2

[Event "Benidorm op U2300 03rd"]
[Site "Benidorm"]
[Date "2004.11.22"]
[Round "4"]
[White "Minaya Molano, Juan M"]
[Black "Palma Macias, Jose Alberto"]
[Result "1/2-1/2"]
[WhiteElo "2278"]
[BlackElo "2164"]
[PlyCount "67"]
[EventDate "2004.11.19"]
[EventType "swiss"]
[EventRounds "9"]
[EventCountry "ESP"]
[SourceTitle "CBM 103 Extra"]
[Source "ChessBase"]
[SourceDate "2005.01.01"]
[SourceVersion "1"]
[SourceVersionDate "2005.01.01"]
[SourceQuality "1"]

1. e4 c5 2. Nc3 Nc6 3. g3 g6 4. Bg2 Bg7 5. d3 d6 6. Be3 e6 7. Qd2 Rb8 8. Nge2 b5 9. d4 b4 10. Nd1 cxd4 11. Nxd4 Ne5 12. Qe2 Ne7 13. f4 N5c6 14. Nxc6 Nxc6 15. e5 Qd7 16. exd6 Qxd6 17. Qf2 Ba6 18. Bc5 Qc7 19. a3 b3 20. cxb3 Rxb3 21. Rc1 Ne7 22. Qc2 Qa5+ 23. Kf2 Rc3 24. bxc3 Qxc5+ 25. Ke1 0-0 26. Qa4 Qd6 27. c4 Rd8 28. Qb4 Qd3 29. Rf1 Nd5 30. Qb1 Qxb1 31. Rxb1 Bxc4 32. Rf3 Nb6 33. Bf1 Bd5 34. Rf2 1/2-1/2

[Event "ESP-ch op"]
[Site "Seville"]
[Date "2004.08.14"]
[Round "2"]
[White "Rodriguez Cespedes, Amador"]
[Black "Palma Macias, Jose Alberto"]
[Result "1-0"]
[WhiteElo "2464"]
[BlackElo "2180"]
[PlyCount "107"]
[EventDate "2004.08.13"]
[EventType "swiss"]
[EventRounds "9"]
[EventCountry "ESP"]
[SourceTitle "CBM 101 Extra"]
[Source "ChessBase"]
[SourceDate "2004.09.01"]
[SourceVersion "2"]
[SourceVersionDate "2004.09.01"]
[SourceQuality "1"]

1. e4 c5 2. Nf3 Nc6 3. d4 cxd4 4. Nxd4 e5 5. Nb5 d6 6. Be3 a6 7. N5c3 Nf6 8. Bc4 Be7 9. Nd5 Nxd5 10. Bxd5 0-0 11. 0-0 Bg5 12. Bxg5 Qxg5 13. Kh1 Rd8 14. Nc3 Be6 15. Bb3 Nd4 16. f4 Qh4 17. f5 Bxb3 18. axb3 Nb5 19. Qd3 Nxc3 20. bxc3 Qf6 21. Ra5 Rac8 22. Rd1 h6 23. Rd5 Rc6 24. c4 b6 25. h3 Kh7 26. Ra1 Ra8 27. Rd1 Rd8 28. Qe3 Rdc8 29. R1d2 R8c7 30. Qe2 a5 31. Rd1 a4 32. Qd3 axb3 33. cxb3 Rd7 34. Kh2 Rd8 35. Qd2 Qh4 36. Qe3 Qf6 37. Qd3 Qh4 38. g3 Qg5 39. Qd2 Qxd2+ 40. R1xd2 f6 41. Kg2 Kg8 42. Kf3 Kf7 43. Ra2 Rd7 44. Ra8 Rb7 45. Ra6 Ke7 46. Ke3 Kd7 47. Rb5 Kc7 48. Kd3 Rc5 49. Ra8 Rb8 50. Rxb8 Rxb5 51. cxb5 Kxb8 52. Kc4 Kc7 53. Kd5 Kd7 54. g4 1-0

[Event "Dos Hermanas op 4th"]
[Site "Dos Hermanas"]
[Date "2004.03.28"]
[Round "4"]
[White "Movsziszian, Karen"]
[Black "Palma Macias, Jose Alberto"]
[Result "1-0"]
[WhiteElo "2497"]
[BlackElo "2149"]
[PlyCount "65"]
[EventDate "2004.03.25"]
[EventType "swiss"]
[EventRounds "9"]
[EventCountry "ESP"]
[SourceTitle "CBM 099 Extra"]
[Source "ChessBase"]
[SourceDate "2004.05.04"]
[SourceVersion "1"]
[SourceVersionDate "2004.05.04"]
[SourceQuality "1"]

1. c4 Nf6 2. Nf3 g6 3. g3 Bg7 4. Bg2 d6 5. d4 0-0 6. 0-0 Nc6 7. Nc3 a6 8. h3 Rb8 9. a4 Na5 10. b3 c5 11. dxc5 Nd7 12. Bd2 dxc5 13. Qc2 Nc6 14. Rfd1 Nd4 15. Nxd4 cxd4 16. Nd5 e6 17. Nf4 b6 18. Bb4 Nc5 19. e3 e5 20. exd4 Bf5 21. Qa2 exd4 22. a5 Re8 23. axb6 Qxb6 24. Nd5 Qa7 25. Qa3 Rxb4 26. Nxb4 d3 27. Ra2 Ne4 28. Qxa6 Qxa6 29. Rxa6 d2 30. g4 Nc5 31. Ra8 Rxa8 32. Bxa8 Bc3 33. Nd5 1-0

[Event "Dos Hermanas op 4th"]
[Site "Dos Hermanas"]
[Date "2004.03.26"]
[Round "2"]
[White "Cifuentes Parada, Roberto"]
[Black "Palma Macias, Jose Alberto"]
[Result "1-0"]
[WhiteElo "2505"]
[BlackElo "2149"]
[PlyCount "89"]
[EventDate "2004.03.25"]
[EventType "swiss"]
[EventRounds "9"]
[EventCountry "ESP"]
[SourceTitle "CBM 099 Extra"]
[Source "ChessBase"]
[SourceDate "2004.05.04"]
[SourceVersion "1"]
[SourceVersionDate "2004.05.04"]
[SourceQuality "1"]

1. d4 Nf6 2. c4 g6 3. Nc3 Bg7 4. e4 d6 5. f4 0-0 6. Nf3 Na6 7. Be2 e5 8. fxe5 dxe5 9. Nxe5 c5 10. Be3 Re8 11. 0-0 Nb4 12. Rc1 cxd4 13. Bxd4 Ng4 14. Nf3 Bh6 15. Rb1 Nc6 16. Bc5 b6 17. Qxd8 Rxd8 18. Bf2 Nxf2 19. Kxf2 f5 20. exf5 Bxf5 21. Rbd1 Nb4 22. Nd4 Bc2 23. Nxc2 Nxc2 24. Bf3 Rxd1 25. Rxd1 Re8 26. Rd7 Be3+ 27. Kg3 Bd4 28. Bd5+ Kh8 29. Ne4 Ne3 30. Ng5 Nxd5 31. cxd5 Bxb2 32. Ne6 a5 33. Kf4 b5 34. Ke4 Kg8 35. Ra7 Bc3 36. Kd3 Be1 37. Rg7+ Kh8 38. Rb7 b4 39. Kc4 Rc8+ 40. Kb5 Kg8 41. d6 Bh4 42. Rg7+ Kh8 43. g3 Bd8 44. Rf7 Rb8+ 45. Ka4 1-0

[Event "Benidorm Bali op-A"]
[Site "Benidorm"]
[Date "2003.11.26"]
[Round "7"]
[White "Ibanez Tarradellas, Eduardo"]
[Black "Palma Macias, Jose Alberto"]
[Result "0-1"]
[WhiteElo "2257"]
[BlackElo "2149"]
[PlyCount "62"]
[EventDate "2003.11.21"]
[EventType "swiss"]
[EventRounds "9"]
[EventCountry "ESP"]
[SourceTitle "CBM 097 Extra"]
[Source "ChessBase"]
[SourceDate "2004.01.13"]
[SourceVersion "1"]
[SourceVersionDate "2004.01.13"]
[SourceQuality "1"]

1. d4 g6 2. Nf3 Nf6 3. Bg5 Bg7 4. Nbd2 d6 5. e4 0-0 6. c3 h6 7. Bh4 Nbd7 8. Be2 e5 9. dxe5 dxe5 10. 0-0 Qe7 11. Re1 Nc5 12. Qc2 Bg4 13. Bf1 g5 14. Bg3 Nh5 15. b4 Nxg3 16. hxg3 Nd7 17. Nc4 Nb6 18. Ne3 Be6 19. Nd2 Rfd8 20. Nb3 c6 21. Na5 Bf8 22. a3 Qc7 23. Rad1 c5 24. b5 c4 25. a4 a6 26. Rxd8 Rxd8 27. Rd1 Rxd1 28. Qxd1 axb5 29. axb5 Qc5 30. Qb1 Qa3 31. Nxb7 Qa8 0-1

[Event "Cadiz op 17th"]
[Site "San Fernando"]
[Date "2003.07.22"]
[Round "7.5"]
[White "Martin Perez, Javier"]
[Black "Palma Macias, Jose Alberto"]
[Result "1-0"]
[WhiteElo "2251"]
[BlackElo "2139"]
[PlyCount "129"]
[EventDate "2003.07.18"]
[EventType "swiss"]
[EventRounds "8"]
[EventCountry "ESP"]
[SourceTitle "CBM 095 Extra"]
[Source "ChessBase"]
[SourceDate "2003.09.04"]
[SourceVersion "1"]
[SourceVersionDate "2003.09.04"]
[SourceQuality "1"]

1. e4 c5 2. Nf3 Nc6 3. Nc3 d6 4. d4 cxd4 5. Nxd4 e5 6. Ndb5 a6 7. Na3 b5 8. Nd5 Nge7 9. Bg5 h6 10. Be3 Rb8 11. Be2 Nxd5 12. Qxd5 Ne7 13. Qd2 d5 14. exd5 Qxd5 15. Bf3 Qxd2+ 16. Bxd2 Be6 17. Bb4 f5 18. Bd6 Rd8 19. Bxe5 Nd5 20. 0-0 Bxa3 21. bxa3 0-0 22. Rfe1 Bf7 23. Rad1 Rd7 24. Bb2 Rc8 25. Rd2 Nb6 26. Rxd7 Nxd7 27. Re2 Nc5 28. h3 Na4 29. Be5 Nc3 30. Rd2 Ne4 31. Bxe4 fxe4 32. c3 Rc5 33. Bd4 Rc4 34. Kf1 a5 35. Rb2 b4 36. axb4 axb4 37. Rxb4 Rxb4 38. cxb4 Bxa2 39. Ke2 Kf7 40. Ke3 Bd5 41. Kf4 g6 42. Ke5 Bb7 43. Be3 h5 44. b5 Ke7 45. g3 Bc8 46. b6 Kd8 47. Bg5+ Kd7 48. Kf6 Kc6 49. Kxg6 Bxh3 50. Kxh5 Kxb6 51. Bh6 Kc6 52. g4 Kd7 53. g5 Ke8 54. Kg6 Ke7 55. Kg7 Bf5 56. g6 Ke6 57. Bg5 e3 58. Bxe3 Be4 59. Bd4 Bf5 60. Kh6 Ke7 61. Kg5 Bd3 62. f4 Kf8 63. f5 Kg8 64. f6 Bc2 65. f7+ 1-0

[Event "Sanlucar op 15th"]
[Site "Sanlucar"]
[Date "2001.08.09"]
[Round "4"]
[White "Palma Macias, Jose Alberto"]
[Black "Hernando Rodrigo, Jose Maria"]
[Result "0-1"]
[WhiteElo "2190"]
[BlackElo "2333"]
[PlyCount "82"]
[EventDate "2001.08.06"]
[EventType "swiss"]
[EventRounds "7"]
[EventCountry "ESP"]
[SourceTitle "EXT 2002"]
[Source "ChessBase"]
[SourceDate "2001.11.25"]
[SourceVersion "1"]
[SourceVersionDate "2001.11.25"]
[SourceQuality "1"]

1. e4 d5 2. exd5 Qxd5 3. Nc3 Qa5 4. d4 Nf6 5. Nf3 Bg4 6. Bd2 e6 7. h3 Bh5 8. g4 Bg6 9. Ne5 Nbd7 10. Nc4 Qa6 11. Qe2 Bb4 12. a3 0-0-0 13. 0-0-0 Bxc3 14. Bxc3 Nd5 15. Qd2 Qc6 16. Na5 Qa4 17. Bd3 N7b6 18. Bxg6 hxg6 19. Nb3 Qc4 20. Qd3 Nxc3 21. Qxc3 Qxc3 22. bxc3 Rh4 23. Rd3 Rdh8 24. Rf3 f6 25. Nc5 Rxg4 26. Re1 Rg2 27. Rfe3 e5 28. dxe5 Nc4 29. Re4 Nxe5 30. f4 b6 31. fxe5 bxc5 32. e6 Rg3 33. Rd1 Re8 34. Rd5 Rxh3 35. Rxc5 Rh5 36. Rc6 Rd5 37. Rd4 Kb7 38. Rxc7+ Kxc7 39. Rxd5 Rxe6 40. Rc5+ Rc6 41. Ra5 Kb6 0-1